| 000 | 01119nam a2200205 a 4500 | ||
|---|---|---|---|
| 008 | 081203s2007 ||||||||||||||||| || u | ||
| 020 | _a9781843696681 | ||
| 050 | _aSD 414.C4 Stu | ||
| 100 | _aStudley, John | ||
| 245 | 1 | 0 |
_aHearing a different drummer: a new paradigm for the 'keepers of the forest' _cJohn Studley |
| 260 |
_aLondon: _bInternational Institute for Environment and Development _c2007 |
||
| 300 | _axv, 80 pages : illustrations ; maps, etc. | ||
| 350 | _a0.00 | ||
| 650 | _aFOREST CONSERVATION--CHINA--KHAM | ||
| 650 | _aFORESTRY | ||
| 650 | _aFOREST ECOLOGY--CHINA--KHAM | ||
| 995 |
_aANNEX COLLECTION (Main Library) _D0.00 _e740920 _FCBU-MAIN LIBRARY (Kitwe) _H1 _I0.00 _jSD 414.C4 STU _M3 _UAVAILABLE _WMar 16, 2010 _y740920 _ZAnnex Low-Usage Collection |
||
| 995 |
_aANNEX COLLECTION (Main Library) _D0.00 _e740919 _FCBU-MAIN LIBRARY (Kitwe) _H1 _I0.00 _jSD 414.C4 STU _M2 _UAVAILABLE _WMar 16, 2010 _y740919 _ZAnnex Low-Usage Collection |
||
| 995 |
_aANNEX COLLECTION (Main Library) _D0.00 _e739192 _FCBU-MAIN LIBRARY (Kitwe) _H1 _I0.00 _jSD 414.C4 STU _M1 _UAVAILABLE _WMar 18, 2009 _y739192 _ZAnnex Low-Usage Collection |
||
| 999 |
_c76148 _d76148 |
||